[Event "Stay Safe Play From Home 362"]
[Site "Emanuel Lasker Arena"]
[Date "2020.08.06"]
[Round "4"]
[White "Padmaesh M K"]
[Black "Stefanone"]
[Result "0-1"]
[WhiteElo "1798"]
[BlackElo "1947"]
[Annotator "TA"]
[PlyCount "126"]
[EventDate "2020.08.06"]
[EventType "swiss (blitz)"]

{[%evp 9,126,33,127,68,82,41,66,6,9,0,10,0,2,-21,83,0,91,62,67,64,52,35,65,52,134,-5,0,-46,-16,-15,-9,-7,70,37,39,30,30,24,27,22,22,27,33,11,216,203,203,203,217,210,286,297,326,0,0,0,336,0,171,0,8,0,0,0,328,0,0,0,0,0,8,0,302,0,52,0,0,0,0,-8,-8,-8,385,421,869,810,29970,1346,1095,0,0,0,0,0,0,0,0,0,0,0,0,0,29991,0,29977,29978,29979,29980,29980,0,29987,0,0,0,0,0,29990,0,0]} 1. Nf3 e6 2. e4 d5 3. exd5 exd5 4. d4 c6 5. Bd3 f5 {[#]} (5... Bd6 $14) 6. c3 $146 {C01: French: Exchange Variation.} (6. O-O $16) ({Predecessor:} 6. O-O Nf6 7. Bf4 Bd6 8. Bxd6 Qxd6 9. Nbd2 O-O 10. Ne5 Qb4 11. Nb3 a5 12. c3 Qd6 {0-1 (42) Maurizzi,M (2018)-Reimanis,R (2335) chess.com INT 2018}) 6... Nf6 $14 7. Qc2 Ne4 8. Nbd2 (8. O-O $14) 8... Bd6 $11 9. O-O O-O 10. c4 Be6 11. cxd5 (11. b4 {with more complications.} Nd7 12. b5 Bf7 13. Rb1 Re8 14. bxc6 bxc6 15. Re1) 11... Bxd5 (11... cxd5 $11 12. Ne5 Qf6) 12. Bc4 ({White should play} 12. Nxe4 $16 fxe4 13. Bxe4) 12... Bxc4 (12... Kh8 $11) 13. Qxc4+ Kh8 14. Nxe4 fxe4 15. Ne5 Bxe5 16. dxe5 Qe7 (16... Qd5 $14 17. Qxd5 cxd5) 17. Qc3 (17. Qxe4 $16 {And now f4 would win.} Nd7 18. f4) 17... Nd7 18. Be3 Qxe5 19. Bd4 Qg5 20. Rad1 Rae8 {[#]} (20... Rf7 $11) 21. Bxg7+ $1 {[%mdl 512]} Qxg7 22. Qxg7+ Kxg7 23. Rxd7+ {[%mdl 64] Double Attack} Rf7 24. Rxf7+ Kxf7 {[%mdl 4096] Endgame KR-KR} 25. Rd1 Kf6 26. Rd7 Ke5 $2 (26... Re7 $11 27. Rd6+ Kf5) 27. Rxh7 ({Don't do} 27. Rxb7 $6 Rd8) 27... Rd8 {[%cal Rd8d1]} 28. Kf1 Rd1+ 29. Ke2 Rb1 30. Rxb7 Kd4 31. Rxa7 $2 (31. h4 $18) 31... Rxb2+ 32. Kf1 {aiming for Rd7+.} Kd3 $2 {[%mdl 8192]} (32... Rb1+ $11 33. Ke2 Rb2+ 34. Kf1 Rb1+ 35. Ke2 Rb2+) 33. g3 $2 (33. Rd7+ $18 Kc4 34. g4) 33... e3 $2 (33... Rb1+ $1 $11 34. Kg2 c5) 34. fxe3 $2 (34. Rd7+ $1 $18 Kc3 35. fxe3) 34... Kxe3 35. Re7+ Kf3 36. Rf7+ Kg4 $2 {[%mdl 8192]} (36... Ke3 $11 {and Black has nothing to worry.}) 37. Rg7+ $2 (37. Rf2 $18 Rb1+ 38. Kg2) 37... Kf3 $1 {[%cal Rb2b1]} 38. Rf7+ Ke3 39. Re7+ Kd4 40. Rd7+ Kc4 $2 {[%mdl 8192]} (40... Ke3 $11) 41. Rd1 $2 (41. h4 $18) 41... c5 ({Better is} 41... Rxh2 $11 42. g4 Rh4) 42. Rc1+ ({White should try} 42. h4 $14) 42... Kd4 43. h4 c4 44. h5 c3 {Black wants to play ...Rh2.} 45. h6 Rb7 $2 {[%mdl 8192] [#]} (45... Rh2 $11 {and Black is okay.} 46. a4 Kd3) 46. g4 $1 $18 Rf7+ (46... Rh7 $142 47. g5 Kd3) 47. Kg2 Rf6 48. g5 (48. h7 $142 Rh6 49. Rh1 Rxh7 50. Rxh7 Ke5 51. Rc7 Kd4 52. g5 Ke5 53. g6) 48... Rg6 49. Kh3 $2 (49. Kf3 $18 {White threatens h7 and mate.} Rxg5 50. Rh1) 49... Rxg5 $11 50. Kh4 {White wants to mate with h7.} Rg6 51. Kh5 {Threatening mate with h7.} Rg2 52. h7 Rh2+ 53. Kg6 {Hoping for Rg1.} Rg2+ 54. Kf7 Rf2+ 55. Kg8 Re2 $2 {[%mdl 8192]} (55... Rg2+ $11 56. Kf7 Rf2+ 57. Kg6 Rg2+ 58. Kh6 Rh2+ 59. Kg6 Rg2+) 56. Kh8 $2 (56. h8=Q+ Ke4 57. Qh7+ Kd4 58. Qh8+ Ke4 59. Qh7+ Kd4 60. Qd7+ Kc4 61. Qg4+ Kd3 62. Qf3+ Kc4 63. Qxe2+ Kd4 64. Kf7 Kd5 65. Rxc3 Kd4 66. Rc4+ Kd5 67. Qe6#) 56... Re8+ $2 {[%mdl 8192]} (56... Rxa2 $11 57. Kg7 Ra8) 57. Kg7 Re7+ 58. Kg6 Re6+ {[#]} 59. Kg7 $2 (59. Kf7 $1 Rh6 60. Kg7 Rh4 61. h8=Q Rxh8 62. Kxh8 Kc4 63. Kg7 Kb4 64. Kf6) 59... Re2 $2 {[%mdl 8192]} (59... Re7+ $11 60. Kg6 Re8 61. Rd1+ Kc4) 60. Kg6 $2 (60. h8=Q c2 61. Qh3 Kc4 62. Qf3 Rd2 63. Qe3 Rg2+ 64. Kf6 Kb5 65. Qe5+ Kb6 66. Qd6+ Ka7 67. Qc7+ Ka8 68. Qc6+ Ka7 69. Qxg2) 60... Rg2+ 61. Kf7 Rh2 62. Kg8 Rf2 $2 {[%mdl 8192]} (62... Re2 $11) 63. Kh8 $2 (63. h8=Q+ {mates} Kd5 64. Qh5+ Ke6 65. Re1+ Kd6 66. Qe5+ Kc6 67. Qxc3+ Kd7 68. Qd4+ {[%mdl 64] Double Attack} Kc8 69. Qc5+ Kb7 70. Rb1+ Rb2 71. Rxb2+ Ka8 72. Qa5#) 63... c2 {[%mdl 32768] Accuracy: White = 58%, Black = 49%. . Loss on time!?} 0-1

[Event "Stay Safe Play From Home 362"]
[Site "Emanuel Lasker Arena"]
[Date "2020.08.06"]
[Round "4"]
[White "Haris kollari 13"]
[Black "Klasman"]
[Result "1-0"]
[WhiteElo "1717"]
[BlackElo "1400"]
[Annotator "NA RC"]
[PlyCount "33"]
[EventDate "2020.08.06"]
[EventType "swiss (blitz)"]

1. e4 {[%emt 0:00:01]} f5 {[%emt 0:00:02]} 2. e5 {[%emt 0:00:01]} d6 {[%emt 0:00:03]} 3. f4 {[%emt 0:00:01]} dxe5 {[%emt 0:00:07]} 4. fxe5 {[%emt 0:00:00]} g6 {[%emt 0:00:04]} 5. Nf3 {[%emt 0:00:01]} Bg7 {[%emt 0:00:01]} 6. d4 {[%emt 0:00:00]} e6 {[%emt 0:00:01]} 7. c3 {[%emt 0:00:01]} Nc6 {[%emt 0:00:01]} 8. Bb5 {[%emt 0:00:01]} Nge7 {[%emt 0:00:02]} 9. Be3 {[%emt 0:00:01]} a6 {[%emt 0:00:01]} 10. Ba4 {[%emt 0:00:01]} Nd5 {[%emt 0:00:05]} 11. Bf2 {[%emt 0:00:01]} Nf4 {[%emt 0:00:04]} 12. Qd2 {[%emt 0:00:01]} Nxg2+ {[%emt 0:00:04]} 13. Kf1 {[%emt 0:00:01]} Nh4 {[%emt 0:00:19]} 14. Bxh4 {[%emt 0:00:02]} Qd5 {[%emt 0:00:02]} 15. Kf2 {[%emt 0:00:01]} g5 {[%emt 0:00:04]} 16. Bxg5 {[%emt 0:00:03]} Rg8 {[%emt 0:00:02]} 17. h4 {[%emt 0:00:02] Time Time Time Time Time (Lag: Av=0.48s, max=0.6s) (Lag: Av=0.48s, max=0.6s) (Lag: Av=0.48s, max=0.6s) (Lag: Av=0.48s, max=0.6s) (Lag: Av=0.48s, max=0.6s)} 1-0

[Event "Stay Safe Play From Home 362"]
[Site "Emanuel Lasker Arena"]
[Date "2020.08.06"]
[Round "5"]
[White "Gokerkan"]
[Black "Lamborghini"]
[Result "1-0"]
[WhiteElo "2570"]
[BlackElo "2309"]
[Annotator "TA"]
[PlyCount "55"]
[EventDate "2020.08.06"]
[EventType "swiss (blitz)"]

{[%evp 10,54,9,8,6,0,0,0,5,-30,-42,-23,-14,-22,-8,-10,-5,-19,43,20,29,27,55,26,56,56,66,-8,62,42,166,157,158,160,211,194,199,183,165,172,283,293,275,141,156,152,29999]} 1. e4 c5 2. c3 d6 3. d4 Nf6 4. dxc5 Nc6 5. cxd6 Nxe4 6. Nf3 Nxd6 {B22: Sicilian: 2 c3.} 7. Bd3 g6 8. O-O Bg7 {The position is equal.} 9. Bf4 O-O 10. Re1 Bg4 11. h3 Bxf3 12. Qxf3 e5 13. Bg3 {[#]} f6 $146 (13... Qb6 $11 14. Nd2 Qxb2) ({Predecessor:} 13... Re8 14. Bc2 Qb6 15. Bb3 e4 16. Qe2 Nf5 17. Bf4 Re7 18. Nd2 Rae8 19. Bg5 Ng3 {1-0 (43) Gallissot,A-Baldi,E France 1999}) 14. Nd2 $36 {[%mdl 2048] White fights for an advantage.} Kh8 15. Rad1 Qe7 16. Ne4 {[#] Threatens to win with Nxd6.} Nxe4 17. Bxe4 Rac8 18. b4 (18. Qe2 $14) 18... Rfd8 (18... f5 $11 19. Bd5 e4) 19. Rxd8+ Rxd8 (19... Nxd8 $14 20. Bd5 b6) 20. Bxc6 $18 bxc6 21. Qxc6 h5 (21... Rd6 $16 {keeps fighting.} 22. Qc5 Qd7) 22. b5 Kh7 23. a4 f5 24. a5 Rd6 (24... Qg5 $142) 25. Qc5 Qd7 26. Bxe5 ({Better is} 26. c4 $18) 26... Rd5 $16 27. Qc7 Qxb5 $2 {[#]} (27... Qxc7 $16 28. Bxc7 Rxb5) 28. Qxg7# {Accuracy: White = 67%, Black = 52%.} 1-0

[Event "Stay Safe Play From Home 362"]
[Site "Emanuel Lasker Arena"]
[Date "2020.08.06"]
[Round "5"]
[White "Nuktotitakoi"]
[Black "Eidgenosse"]
[Result "0-1"]
[WhiteElo "2504"]
[BlackElo "2501"]
[Annotator "TA"]
[PlyCount "46"]
[EventDate "2020.08.06"]
[EventType "swiss (blitz)"]

{[%evp 9,46,-30,-18,-19,4,1,7,-71,-60,-102,-63,-93,-84,-219,-206,-314,-307,-358,-363,-364,-293,-508,-516,-709,-646,-770,-467,-458,-324,-852,-856,-29991,-29992,-29993,-29988,-29988,-29989,-29989,-29990]} 1. Nf3 d6 2. Nc3 Nd7 3. d4 Ngf6 4. Bg5 e5 5. dxe5 dxe5 {[#]} 6. Qd2 $146 {A46: 1 d4 Nf6 2 Nf3 e6: Torre, London and Colle Systems.} ({Predecessor:} 6. e4 c6 7. Bd3 Be7 8. O-O O-O 9. Qd2 Qc7 10. Rfd1 b6 11. Nh4 g6 12. Bh6 Re8 13. Nf5 Nc5 14. Nxe7+ Qxe7 15. f3 Bb7 16. Qg5 Nfd7 {0-1 (24) Silva Hormazabal,K-Bernal Hurtado,C (1726) Santiago de Chile 2017}) 6... Be7 7. O-O-O c6 8. e4 (8. Bxf6 $11 {remains equal.} Bxf6 9. Ne4) 8... Qc7 $17 9. Bc4 Nc5 10. h3 b5 11. Bxb5 (11. Bxf6 $17 {is a better defense.} gxf6 12. Bb3) 11... cxb5 $19 12. Nxb5 (12. Bxf6 $142 gxf6 13. Nd5) 12... Qb6 13. Bxf6 gxf6 14. Nc3 Be6 ({Don't take} 14... Rb8 15. b3 $19) 15. Nd5 $2 {[#]} (15. Rde1) 15... Bxd5 16. Qxd5 O-O 17. Nh4 {and the idea Nf5 leaves White hopeful.} Rfd8 18. Qc4 Rac8 {...Nd3+! is the strong threat.} 19. Qe2 $2 (19. Nf5 Bf8 20. Rxd8 Rxd8 21. f3) 19... Na4 {[%csl Ga4][%cal Rb6b2]} 20. Qg4+ {[#]} Kh8 $1 {[%csl Ga4][%cal Rb6b2] Black mates.} 21. b3 Ba3+ 22. Kb1 Nc3+ 23. Ka1 Nxd1 {White did not feel at home in the position after the opening. Accuracy: White = 24%, Black = 77%.} 0-1

[Event "Stay Safe Play From Home 362"]
[Site "Emanuel Lasker Arena"]
[Date "2020.08.06"]
[Round "5"]
[White "SoulofWolf"]
[Black "Uber_WING"]
[Result "0-1"]
[WhiteElo "2290"]
[BlackElo "2437"]
[Annotator "RC"]
[PlyCount "78"]
[EventDate "2020.08.06"]
[EventType "swiss (blitz)"]

1. d4 {[%emt 0:00:00]} c5 {[%emt 0:00:02]} 2. Nf3 {[%emt 0:00:00]} cxd4 {[%emt 0:00:00]} 3. c4 {[%emt 0:00:00]} dxc3 {[%emt 0:00:02]} 4. Nxc3 {[%emt 0:00:00]} e6 {[%emt 0:00:01]} 5. Bg5 {[%emt 0:00:02]} Be7 {[%emt 0:00:02]} 6. Bf4 {[%emt 0:00:00]} Nc6 {[%emt 0:00:01]} 7. e3 {[%emt 0:00:01]} Nf6 {[%emt 0:00:01]} 8. h3 {[%emt 0:00:00]} a6 {[%emt 0:00:01]} 9. Bc4 {[%emt 0:00:01]} d5 {[%emt 0:00:01]} 10. Bb3 {[%emt 0:00:01]} Bd7 {[%emt 0:00:01]} 11. O-O {[%emt 0:00:01]} O-O {[%emt 0:00:01]} 12. Rc1 {[%emt 0:00:00]} Re8 {[%emt 0:00:00]} 13. a3 {[%emt 0:00:00]} Rc8 {[%emt 0:00:01]} 14. Bc2 {[%emt 0:00:00]} Qa5 {[%emt 0:00:01]} 15. Qd3 {[%emt 0:00:01]} g6 {[%emt 0:00:01]} 16. Ng5 {[%emt 0:00:02]} Bf8 {[%emt 0:00:01]} 17. f3 {[%emt 0:00:01]} Bg7 {[%emt 0:00:01]} 18. h4 {[%emt 0:00:02]} Nh5 {[%emt 0:00:01]} 19. Bh2 {[%emt 0:00:03]} Ne5 {[%emt 0:00:02]} 20. Qe2 {[%emt 0:00:03]} Nc4 {[%emt 0:00:01]} 21. Qf2 {[%emt 0:00:04]} Nxb2 {[%emt 0:00:03]} 22. Ne2 {[%emt 0:00:04]} Qxa3 {[%emt 0:00:02]} 23. Nd4 {[%emt 0:00:01]} Nd3 {[%emt 0:00:04]} 24. Bxd3 {[%emt 0:00:01]} Rxc1 {[%emt 0:00:01]} 25. Rxc1 {[%emt 0:00:04]} Qxc1+ {[%emt 0:00:00]} 26. Bf1 {[%emt 0:00:00]} Rc8 {[%emt 0:00:03]} 27. Qe2 {[%emt 0:00:02]} Bxd4 {[%emt 0:00:01]} 28. exd4 {[%emt 0:00:01]} f6 {[%emt 0:00:07]} 29. Nxe6 {[%emt 0:00:02]} Re8 {[%emt 0:00:02]} 30. g4 {[%emt 0:00:05]} Re7 {[%emt 0:00:01]} 31. gxh5 {[%emt 0:00:03]} Rxe6 {[%emt 0:00:00]} 32. Qf2 {[%emt 0:00:01]} gxh5 {[%emt 0:00:01]} 33. Bf4 {[%emt 0:00:01]} Qxf4 {[%emt 0:00:01]} 34. Bh3 {[%emt 0:00:00]} Re7 {[%emt 0:00:01]} 35. Kg2 {[%emt 0:00:01]} Rg7+ {[%emt 0:00:02]} 36. Kh1 {[%emt 0:00:01]} Bxh3 {[%emt 0:00:00]} 37. Qc2 {[%emt 0:00:00]} Qxf3+ {[%emt 0:00:01]} 38. Kh2 {[%emt 0:00:01]} Rg2+ {[%emt 0:00:00]} 39. Kh1 {[%emt 0:00:07]} Rxc2+ {[%emt 0:00:01] ' ' ' ' ' Czas Czas Czas Czas Czas (Lag: Av=0.61s, max=1.6s) (Lag: Av=0.61s, max=1.6s) (Lag: Av=0.61s, max=1.6s) (Lag: Av=0.61s, max=1.6s) (Lag: Av=0.61s, max=1.6s) . . . . .} 0-1

[Event "Stay Safe Play From Home 362"]
[Site "Emanuel Lasker Arena"]
[Date "2020.08.06"]
[Round "5"]
[White "SelamiSahin"]
[Black "Buzaglo"]
[Result "1-0"]
[WhiteElo "2115"]
[BlackElo "1857"]
[Annotator "TA"]
[PlyCount "137"]
[EventDate "2020.08.06"]
[EventType "swiss (blitz)"]

{[%evp 9,136,-1,16,25,39,41,67,36,18,0,0,0,0,0,39,52,47,39,57,24,37,38,108,27,24,27,42,42,68,58,49,63,90,57,64,0,166,166,164,118,153,135,145,0,0,0,0,0,0,0,0,0,0,-161,-161,-233,-148,-143,-130,-132,-89,-108,-80,-179,0,0,0,0,0,0,1097,928,29961,6143,29972,29971,29975,29976,29976,29976,29978,29976,29979,29980,29980,29976,29973,29975,29984,29985,29984,29985,29986,29987,29987,29988,29989,29989,29989,29990,29990,29990,29990,29991,29991,29992,29992,29992,29993,29994,29994,29995,29995,29996,29996,29996,29997,29998,29998,29997,29997,29997,29997,29998,29999,29998,29998,29999,29999]} 1. d4 e6 2. c4 d5 3. Nc3 Nf6 4. Bf4 Bd6 5. Bg3 Bxg3 6. hxg3 {D35: Queen's Gambit Declined: Exchange Variation.} h6 7. e3 {[#]} dxc4 $146 ({Predecessor:} 7... Nc6 8. cxd5 exd5 9. Bd3 O-O 10. Nge2 Re8 11. Nf4 Nxd4 12. Qa4 c5 13. Nce2 Bd7 {½-½ (32) Vela Villares,I-Galiano,P Barcelona 2002}) 8. Bxc4 {White is slightly better.} c5 9. Nf3 cxd4 10. Nxd4 O-O 11. O-O Nc6 12. Nxc6 bxc6 13. Qa4 Bb7 14. Rfd1 Qc7 15. Rd2 Rad8 (15... c5 $14) 16. Rad1 ({Better is} 16. Rxd8 $16 Rxd8 17. Qxa7) 16... Rxd2 $11 17. Rxd2 a6 18. Be2 Nd5 19. Bf3 Nxc3 20. bxc3 Rd8 21. Rxd8+ Qxd8 22. Bxc6 (22. c4 $14) 22... Qc8 $2 {[#]} (22... Bxc6 $11 23. Qxc6 Qd1+ 24. Kh2 Qh5+ 25. Kg1 Qd1+ 26. Kh2 Qh5+ 27. Kg1 Qd1+) 23. Bxb7 $18 Qxb7 {[%mdl 4096] Endgame KQ-KQ} 24. Qb4 Qc7 25. a4 Qd7 26. a5 ({White should play} 26. f3 $16) 26... Qd1+ $11 27. Kh2 {aiming for f3.} Qh5+ 28. Kg1 Qd1+ 29. Kh2 {And now f3 would win.} Qh5+ 30. Qh4 Qxa5 31. g4 $2 (31. c4 $11 {and White stays safe.}) 31... Qxc3 $19 32. Qg3 (32. Qd8+ $142 Kh7 33. Qd7) 32... Qf6 33. Qb8+ Kh7 34. Kg3 e5 35. Qe8 a5 36. Qa8 {[#]} (36. Qb5 $17) 36... Qd6 $2 (36... Qb6 $1 $19 37. Qd5 Qa7 38. Qe4+ g6) 37. Qxa5 $11 e4+ 38. Kh3 Qe6 39. Qf5+ Qg6 $2 {[%mdl 8192]} (39... Qxf5 $11 40. gxf5 g5) 40. Kg3 $18 Qxf5 41. gxf5 {KP-KP} g6 42. Kf4 {White mates.} gxf5 43. Kxf5 Kg7 44. Kxe4 {K3P-KPP} Kg6 45. Kf4 Kf6 46. g4 Kg6 47. Ke5 Kg5 48. f3 f6+ 49. Ke6 Kg6 50. e4 Kg5 51. Kf7 h5 52. gxh5 {KP-KP} f5 53. exf5 Kxh5 54. f6 Kg5 55. Kg7 Kf4 56. f7 Ke3 57. f8=Q Kf2 58. f4 Kg3 59. f5 Kg4 60. f6 Kf4 61. f7 Ke5 62. Qg8 Ke6 63. f8=Q+ Kd7 64. Qgf7+ Kc6 65. Q8e8+ Kb6 66. Qfd7 Ka5 67. Qec8 Kb4 68. Qdb7+ Ka3 69. Qca8# {Quite a comeback for White. Accuracy: White = 69%, Black = 62%.} 1-0

[Event "Stay Safe Play From Home 362"]
[Site "Emanuel Lasker Arena"]
[Date "2020.08.06"]
[Round "5"]
[White "Sfantul321"]
[Black "Haris kollari 13"]
[Result "1-0"]
[WhiteElo "1980"]
[BlackElo "1721"]
[Annotator "NA"]
[PlyCount "85"]
[EventDate "2020.08.06"]
[EventType "swiss (blitz)"]

1. c3 {[%emt 0:00:03]} e6 {[%emt 0:00:00]} 2. d4 {[%emt 0:00:01]} d5 {[%emt 0:00:00]} 3. e4 {[%emt 0:00:00]} c5 {[%emt 0:00:00]} 4. exd5 {[%emt 0:00:01]} exd5 {[%emt 0:00:01]} 5. Nf3 {[%emt 0:00:00]} Bd6 {[%emt 0:00:01]} 6. Be3 {[%emt 0:00:01]} c4 {[%emt 0:00:01]} 7. b3 {[%emt 0:00:01]} cxb3 {[%emt 0:00:02]} 8. axb3 {[%emt 0:00:01]} Nc6 {[%emt 0:00:00]} 9. c4 {[%emt 0:00:01]} dxc4 {[%emt 0:00:01]} 10. Bxc4 {[%emt 0:00:01]} Be6 {[%emt 0:00:01]} 11. d5 {[%emt 0:00:01]} Ne5 {[%emt 0:00:05]} 12. dxe6 {[%emt 0:00:01]} Nxc4 {[%emt 0:00:04]} 13. exf7+ {[%emt 0:00:02]} Kxf7 {[%emt 0:00:01]} 14. bxc4 {[%emt 0:00:02]} Nf6 {[%emt 0:00:01]} 15. Nbd2 {[%emt 0:00:02]} Re8 {[%emt 0:00:01]} 16. O-O {[%emt 0:00:01]} Kg8 {[%emt 0:00:01]} 17. h3 {[%emt 0:00:01]} Qe7 {[%emt 0:00:01]} 18. Bg5 {[%emt 0:00:02]} Rad8 {[%emt 0:00:01]} 19. Re1 {[%emt 0:00:01]} Qc7 {[%emt 0:00:02]} 20. Rxe8+ {[%emt 0:00:01]} Rxe8 {[%emt 0:00:03]} 21. Bxf6 {[%emt 0:00:00]} gxf6 {[%emt 0:00:01]} 22. Qc2 {[%emt 0:00:00]} Re2 {[%emt 0:00:02]} 23. Re1 {[%emt 0:00:02]} Qe7 {[%emt 0:00:03]} 24. Rxe2 {[%emt 0:00:01]} Qxe2 {[%emt 0:00:01]} 25. c5 {[%emt 0:00:00]} Bf4 {[%emt 0:00:02]} 26. g3 {[%emt 0:00:01]} Bh6 {[%emt 0:00:02]} 27. Qc4+ {[%emt 0:00:02]} Qxc4 {[%emt 0:00:04]} 28. Nxc4 {[%emt 0:00:00]} Bf8 {[%emt 0:00:01]} 29. Na5 {[%emt 0:00:02]} Bxc5 {[%emt 0:00:05]} 30. Nxb7 {[%emt 0:00:01]} Bb6 {[%emt 0:00:01]} 31. Nd6 {[%emt 0:00:01]} Bc5 {[%emt 0:00:02]} 32. Nc4 {[%emt 0:00:01]} Bb4 {[%emt 0:00:02]} 33. Kf1 {[%emt 0:00:01]} a5 {[%emt 0:00:01]} 34. Nd4 {[%emt 0:00:01]} a4 {[%emt 0:00:01]} 35. Nb5 {[%emt 0:00:01]} Bc5 {[%emt 0:00:01]} 36. f3 {[%emt 0:00:01]} Kf7 {[%emt 0:00:01]} 37. Ke2 {[%emt 0:00:00]} Ke6 {[%emt 0:00:01]} 38. Kd3 {[%emt 0:00:00]} Kd5 {[%emt 0:00:01]} 39. Nca3 {[%emt 0:00:01]} Kc6 {[%emt 0:00:01]} 40. f4 {[%emt 0:00:01]} Bd6 {[%emt 0:00:01]} 41. Ke4 {[%emt 0:00:01]} Bc5 {[%emt 0:00:01]} 42. g4 {[%emt 0:00:01]} Bf2 {[%emt 0:00:01]} 43. h4 {[%emt 0:00:01] Time Time Time Time Time} 1-0

[Event "Stay Safe Play From Home 362"]
[Site "Emanuel Lasker Arena"]
[Date "2020.08.06"]
[Round "5"]
[White "Stefanone"]
[Black "NTBT_DHS"]
[Result "0-1"]
[WhiteElo "1957"]
[BlackElo "2580"]
[Annotator "TA"]
[PlyCount "40"]
[EventDate "2020.08.06"]
[EventType "swiss (blitz)"]

{[%evp 10,40,16,0,22,2,4,-4,-4,-80,-69,-174,-117,-225,-221,-211,-213,-205,-200,-186,-210,-206,-195,-421,-258,-427,-430,-716,-617,-1425,-1399,-1350,-1314]} 1. d4 g6 2. e3 Bg7 3. Nf3 Nf6 4. b3 O-O 5. Bb2 d5 6. Bd3 a5 $5 {[%cal Ba7a5,Ba5a4,Ba4a3][%mdl 4] [#] A promising side line. D04: Colle System.} 7. Qe2 $146 ({Predecessor:} 7. O-O a4 8. c4 c6 9. Nc3 axb3 10. axb3 Rxa1 11. Qxa1 Na6 12. Ba3 Re8 13. cxd5 Nxd5 14. Nxd5 Qxd5 {0-1 (39) Nakamura,H (2786)-Caruana,F (2802) chess.com INT 2017}) 7... a4 8. Nbd2 a3 {The position is equal.} 9. Bc1 {[#]} (9. Bc3 $11) 9... c5 $1 $17 {[%mdl 512]} 10. c4 {[#]} (10. O-O $15) (10. dxc5 Ne4) 10... Nc6 (10... cxd4 $1 $19 11. Nxd4 Bd7 12. cxd5 Nxd5) 11. Ne5 (11. O-O $17) 11... cxd4 $19 12. Nxc6 bxc6 13. exd4 dxc4 14. bxc4 Qxd4 15. Rb1 Rd8 16. Bc2 $2 (16. Rb3 {was the only defense.}) 16... Bg4 17. f3 $2 (17. Qe3) 17... Be6 {Black is clearly winning.} 18. Ne4 (18. Rb3 $142 Qa1 19. Nb1) 18... Nxe4 19. fxe4 Qc3+ 20. Bd2 Qxc2 {[%mdl 64] Double Attack. White got outplayed after the opening. Accuracy: White = 26%, Black = 79%.} 0-1

[Event "Stay Safe Play From Home 362"]
[Site "Emanuel Lasker Arena"]
[Date "2020.08.06"]
[Round "5"]
[White "Greblha"]
[Black "Ao017545"]
[Result "1-0"]
[WhiteElo "1934"]
[BlackElo "1543"]
[Annotator "NA RC"]
[PlyCount "65"]
[EventDate "2020.08.06"]
[EventType "swiss (blitz)"]

1. e4 {[%emt 0:00:02]} e5 {[%emt 0:00:00]} 2. Nf3 {[%emt 0:00:01]} Nf6 {[%emt 0:00:01]} 3. Nxe5 {[%emt 0:00:01]} Nxe4 {[%emt 0:00:03]} 4. Qe2 {[%emt 0:00:01]} Qe7 {[%emt 0:00:00]} 5. Nd3 {[%emt 0:00:02]} Nf6 {[%emt 0:00:04]} 6. Nc3 {[%emt 0:00:02]} Nc6 {[%emt 0:00:06]} 7. Qxe7+ {[%emt 0:00:02]} Bxe7 {[%emt 0:00:02]} 8. Nf4 {[%emt 0:00:03]} Nd4 {[%emt 0:00:01]} 9. Kd1 {[%emt 0:00:01]} d5 {[%emt 0:00:05]} 10. Nfxd5 {[%emt 0:00:02]} Nxd5 {[%emt 0:00:05]} 11. Nxd5 {[%emt 0:00:01]} Bg4+ {[%emt 0:00:01]} 12. f3 {[%emt 0:00:01]} Nxf3 {[%emt 0:00:01]} 13. gxf3 {[%emt 0:00:02]} Bxf3+ {[%emt 0:00:01]} 14. Ke1 {[%emt 0:00:01]} Bxd5 {[%emt 0:00:01]} 15. Rg1 {[%emt 0:00:01]} O-O-O {[%emt 0:00:04]} 16. d3 {[%emt 0:00:02]} Rde8 {[%emt 0:00:01]} 17. Kd2 {[%emt 0:00:01]} h6 {[%emt 0:00:03]} 18. c4 {[%emt 0:00:02]} Bg5+ {[%emt 0:00:01]} 19. Kc3 {[%emt 0:00:02]} Bf6+ {[%emt 0:00:03]} 20. Kb3 {[%emt 0:00:02]} Be6 {[%emt 0:00:02]} 21. Bf4 {[%emt 0:00:01]} b5 {[%emt 0:00:01]} 22. a4 {[%emt 0:00:03]} bxc4+ {[%emt 0:00:01]} 23. dxc4 {[%emt 0:00:01]} Kd7 {[%emt 0:00:00]} 24. Rd1+ {[%emt 0:00:02]} Ke7 {[%emt 0:00:01]} 25. Bxc7 {[%emt 0:00:02]} Rb8+ {[%emt 0:00:01]} 26. Bxb8 {[%emt 0:00:01]} Rxb8+ {[%emt 0:00:00]} 27. Ka3 {[%emt 0:00:01]} Bxb2+ {[%emt 0:00:02]} 28. Ka2 {[%emt 0:00:02]} Bxc4+ {[%emt 0:00:00]} 29. Bxc4 {[%emt 0:00:01]} Bf6 {[%emt 0:00:03]} 30. Rge1+ {[%emt 0:00:00]} Kf8 {[%emt 0:00:04]} 31. Rd7 {[%emt 0:00:00]} Rb2+ {[%emt 0:00:01]} 32. Ka3 {[%emt 0:00:00]} Rb8 {[%emt 0:00:01]} 33. Rxf7+ {[%emt 0:00:01] Zaman Zaman Zaman Zaman Zaman (Lag: Av=0.61s, max=1.2s) (Lag: Av=0.61s, max=1.2s) (Lag: Av=0.61s, max=1.2s) (Lag: Av=0.61s, max=1.2s) (Lag: Av=0.61s, max=1.2s)} 1-0

[Event "Stay Safe Play From Home 362"]
[Site "Emanuel Lasker Arena"]
[Date "2020.08.06"]
[Round "5"]
[White "Dreamsoldier"]
[Black "Klasman"]
[Result "0-1"]
[WhiteElo "1278"]
[BlackElo "1395"]
[Annotator "NA RC"]
[PlyCount "40"]
[EventDate "2020.08.06"]
[EventType "swiss (blitz)"]

1. e4 {[%emt 0:00:02]} f5 {[%emt 0:00:01]} 2. e5 {[%emt 0:00:00]} d6 {[%emt 0:00:02]} 3. e6 {[%emt 0:00:00]} Bxe6 {[%emt 0:00:02]} 4. Nf3 {[%emt 0:00:00]} Bf7 {[%emt 0:00:03]} 5. Nc3 {[%emt 0:00:00]} Nf6 {[%emt 0:00:01]} 6. Bb5+ {[%emt 0:00:00]} c6 {[%emt 0:00:01]} 7. Ba4 {[%emt 0:00:00]} b5 {[%emt 0:00:01]} 8. Bb3 {[%emt 0:00:00]} b4 {[%emt 0:00:02]} 9. Bxf7+ {[%emt 0:00:01]} Kxf7 {[%emt 0:00:02]} 10. Ne2 {[%emt 0:00:00]} c5 {[%emt 0:00:03]} 11. Ng3 {[%emt 0:00:00]} e6 {[%emt 0:00:03]} 12. d3 {[%emt 0:00:00]} Nc6 {[%emt 0:00:03]} 13. Ng5+ {[%emt 0:00:02]} Kg6 {[%emt 0:00:04]} 14. Nxe6 {[%emt 0:00:01]} Qe7 {[%emt 0:00:04]} 15. O-O {[%emt 0:00:04]} Qxe6 {[%emt 0:00:01]} 16. Bf4 {[%emt 0:00:02]} Ne5 {[%emt 0:00:02]} 17. Bxe5 {[%emt 0:00:01]} dxe5 {[%emt 0:00:01]} 18. Re1 {[%emt 0:00:00]} f4 {[%emt 0:00:03]} 19. Ne4 {[%emt 0:00:01]} Nxe4 {[%emt 0:00:02]} 20. Rxe4 {[%emt 0:00:00]} Bd6 {[%emt 0:00:02] Dreamsoldier terk eder Dreamsoldier terk eder Dreamsoldier terk eder Dreamsoldier terk eder Dreamsoldier terk eder (Lag: Av=0.44s, max=0.5s) (Lag: Av=0.44s, max=0.5s) (Lag: Av=0.44s, max=0.5s) (Lag: Av=0.44s, max=0.5s) (Lag: Av=0.44s, max=0.5s)} 0-1